00249nam a2200097Ia 4500008004000000082001600040100002400056245002400080260003900104300000800143210210b1962 xxu||||| |||| 00| 0 eng d aS891.6 VELR aVELANKAR (H D), Ed. aRgveda-Mandala VII. aBombaybUniversity of Bombayc1962 a215